Loading...
| Literature - American Literature | 0 | 6 | 0 | 1 | 60 | 70 | 119.50 | 0 | 2 |
| Fine Arts - Other Fine Arts | 0 | 6 | 0 | 1 | 60 | 46 | 103.67 | 1 | 3 |
| Fine Arts - Painting and Sculpture | 0 | 5 | 0 | 1 | 50 | 70 | 107.40 | 1 | 3 |
| Fine Arts - Classical Music | 0 | 5 | 1 | 0 | 45 | 69 | 102.60 | 1 | 4 |
| Literature - British Literature | 0 | 5 | 1 | 0 | 45 | 115 | 122.60 | 1 | 2 |
| Literature - World Literature | 0 | 4 | 0 | 0 | 40 | 60 | 101.25 | 2 | 2 |
| Science - Other Science | 0 | 4 | 1 | 1 | 35 | 82 | 99.50 | 0 | 2 |
| Science - Physics | 0 | 1 | 0 | 1 | 10 | 124 | 124.00 | 0 | 0 |
| Pop Culture | 0 | 1 | 0 | 0 | 10 | 82 | 82.00 | 1 | 1 |
| History - European History | 0 | 0 | 1 | 0 | -5 | 0.00 | 0 | 0 | |
| Literature - European Literature | 0 | 0 | 1 | 0 | -5 | 0.00 | 0 | 0 | |
| Philosophy | 0 | 0 | 1 | 0 | -5 | 0.00 | 0 | 0 |